<?xml version="1.0" encoding="UTF-8"?>
<record
    xmlns:xsi="http://www.w3.org/2001/XMLSchema-instance"
    xsi:schemaLocation="http://www.loc.gov/MARC21/slim http://www.loc.gov/standards/marcxml/schema/MARC21slim.xsd"
    xmlns="http://www.loc.gov/MARC21/slim">

  <leader>01257    a2200241   4500</leader>
  <controlfield tag="001">121296</controlfield>
  <datafield tag="020" ind1=" " ind2=" ">
    <subfield code="a">9788570564436</subfield>
  </datafield>
  <datafield tag="040" ind1=" " ind2=" ">
    <subfield code="c">Escola Canadense de Niteroi</subfield>
  </datafield>
  <datafield tag="090" ind1=" " ind2=" ">
    <subfield code="a">BAR</subfield>
  </datafield>
  <datafield tag="100" ind1=" " ind2=" ">
    <subfield code="a">Barreto, Lima</subfield>
  </datafield>
  <datafield tag="245" ind1="1" ind2="0">
    <subfield code="a">O Homem que Sabia Javan&#xEA;s</subfield>
  </datafield>
  <datafield tag="250" ind1=" " ind2=" ">
    <subfield code="a">17.ed.</subfield>
  </datafield>
  <datafield tag="260" ind1=" " ind2=" ">
    <subfield code="a">S&#xE3;o Paulo</subfield>
  </datafield>
  <datafield tag="300" ind1=" " ind2=" ">
    <subfield code="b">il.</subfield>
    <subfield code="c">1 x 15 x 0.5 cm</subfield>
  </datafield>
  <datafield tag="362" ind1="0" ind2=" ">
    <subfield code="a">1992</subfield>
  </datafield>
  <datafield tag="490" ind1="0" ind2=" ">
    <subfield code="a">Outras Palavras</subfield>
  </datafield>
  <datafield tag="520" ind1=" " ind2=" ">
    <subfield code="a">Toda par&#xF3;dia &#xE9; uma forma de homenagem. Ao se basear em uma obra para escrever outra, o escritor est&#xE1; prestigiando o texto original. A s&#xE9;rie Outras Palavras est&#xE1; centrada nessa id&#xE9;ia de valoriza&#xE7;&#xE3;o do texto primitivo, do texto gerador das outras palavras. Um conto cl&#xE1;ssico &#xE9; sempre a base para reescritura - confiada a autores prestigiosos e maduros, que n&#xE3;o s&#xF3; real&#xE7;am o relato inicial, com tamb&#xE9;m brindam o leitor com uma nova hist&#xF3;ria, a partir do ponto que mais os motivou na primeira. S&#xE3;o contos de qualidade inequ&#xED;voca, que colocam o leitor em contato com grandes escritores - sejam eles autores do texto inicial, sejam eles os que escreveram a par&#xF3;dia.</subfield>
  </datafield>
  <datafield tag="650" ind1=" " ind2="4">
    <subfield code="a">Mist&#xE9;rio, Suspense ou Terror</subfield>
  </datafield>
  <datafield tag="650" ind1=" " ind2="4">
    <subfield code="a">Contos Brasileiros</subfield>
  </datafield>
  <datafield tag="650" ind1=" " ind2="4">
    <subfield code="a">Mitos, F&#xE1;bulas ou Contos</subfield>
  </datafield>
  <datafield tag="650" ind1=" " ind2="4">
    <subfield code="a">Literatura Brasileira</subfield>
  </datafield>
  <datafield tag="942" ind1=" " ind2=" ">
    <subfield code="c">BK</subfield>
  </datafield>
  <datafield tag="952" ind1=" " ind2=" ">
    <subfield code="0">0</subfield>
    <subfield code="1">0</subfield>
    <subfield code="4">0</subfield>
    <subfield code="7">0</subfield>
    <subfield code="a">80.1</subfield>
    <subfield code="b">80.1</subfield>
    <subfield code="d">2024-02-09</subfield>
    <subfield code="l">0</subfield>
    <subfield code="o">BAR</subfield>
    <subfield code="p">A14365</subfield>
    <subfield code="r">2024-02-09 21:17:07</subfield>
    <subfield code="w">2024-02-09</subfield>
    <subfield code="y">BK</subfield>
  </datafield>
  <datafield tag="952" ind1=" " ind2=" ">
    <subfield code="0">0</subfield>
    <subfield code="1">0</subfield>
    <subfield code="4">0</subfield>
    <subfield code="7">0</subfield>
    <subfield code="a">71.1</subfield>
    <subfield code="b">71.1</subfield>
    <subfield code="d">2024-03-27</subfield>
    <subfield code="l">0</subfield>
    <subfield code="o">869.93 B263h</subfield>
    <subfield code="p">O003403</subfield>
    <subfield code="r">2024-03-27 22:30:49</subfield>
    <subfield code="w">2024-03-27</subfield>
    <subfield code="y">BK</subfield>
  </datafield>
  <datafield tag="999" ind1=" " ind2=" ">
    <subfield code="c">121296</subfield>
    <subfield code="d">121296</subfield>
  </datafield>
</record>
